Word Ladder: A Dash of A Quiz Stats

 Plays Quiz Updated Jan 10, 2018

Challenge
Share
Tweet
Embed
Score 0/34 Timer 04:00
6 Plays Today
Clue 4-Letter Word % Correct
Green citrus fruitLIME
96.6%
Lacking in hairBALD
95.3%
To blink with one eyeWINK
95.3%
Spherical object for sportBALL
94.8%
The Beatles or The Rolling Stones, perhapsBAND
94.1%
Fuzzy fluff found in a dryerLINT
93.5%
Taco or Liberty, e.g.BELL
93.4%
Mr. T action series (The A-_____)•TEAM•
92.8%
Sound of an explosionBANG
92.5%
Skirt fitted at the hips but flaring out (A-_____)•LINE•
92.5%
Attractive, muscular manHUNK
90.9%
Noise from a hornHONK
90.6%
Celebrity at the top of their field (A-_____)•LIST•
90.5%
Joint in fabricSEAM
90.4%
Best possible grade in US schools (A-_____)•PLUS•
90%
Purple stone fruitPLUM
89.6%
Surname of 'Friends' character ChandlerBING
89.5%
Clue 4-Letter Word % Correct
To sharpen, refine, or masterHONE
88.4%
Dilapidated neighborhoodSLUM
87.9%
Often paired with 'show' in schoolTELL
87.6%
Dark cyan (or a bright colored duck)TEAL
87.3%
Vehicle in Star Wars (A-_____)•WING•
86.3%
A swindle (like an e-mail from a Nigerian prince)SCAM
85.9%
Algae at the surface of a pondSCUM
84.9%
J.J. Abrams sci-fi seriesLOST
84.8%
Place for a dead bodyTOMB
84.4%
Emcee; event runnerHOST
84.2%
Especially long bookTOME
83.3%
Pejorative for a jerk (A-_____)•HOLE•
83.3%
Capital of TogoLOMÉ
82.7%
NBC newsman Lester _____HOLT
81%
'Fat Man' or 'Little Boy' (A-_____)•BOMB•
74.5%
'So What' singerPINK
70.9%
Vampire Weekend's breakout single (A-_____)•PUNK•
67.9%

Today's Daily Dose

You're not logged in!

Compare scores with friends on all Sporcle quizzes.
OR
Log In

You Might Also Like...

Show Comments

Extras

Top Quizzes Today


Score Distribution

Your Account Isn't Verified!

In order to create a playlist on Sporcle, you need to verify the email address you used during registration. Go to your Sporcle Settings to finish the process.

Report this User

Report this user for behavior that violates our Community Guidelines.

Details: